Statistiques concernant Dates marquantes de la vie politique française (II)

Cliquez ici pour prendre le quiz!

Statistiques générales

  • Ce quiz a été pris 78 fois
  • Le résultat moyen est 10 sur 15

Statistiques - réponses

EvénementDate(s)% Correct
Mort de Georges Pompidou (en plein mandat présidentiel)1974
92%
Victoire du front populaire1936
88%
Création de la IVème République française1946
88%
Première femme au second tour d'une élection présidentielle (Vème République)2007
88%
Traité de versailles1919
83%
"Mais vous avez tout à fait raison Monsieur le Premier Ministre" (François Mitterrand, débat)1988
83%
Premier candidat écologiste à une élection présidentielle (René Dumont)1974
81%
Massacre de manifestants Algériens (organisée par le FLN) par la police française à Paris1961
78%
Défaite à Ðiện Biên Phủ de l'armée française1954
63%
Création de la SFIC (Parti communiste français) au congrès de Tour1920
49%
Instauration de la "Charte de l'environnement" dans la Constitution française2005
49%
Manifestations du 6 février... (IIIème République)1934
44%
Attentats anarchistes à la bombe dans la Chambre des députés (IIIème République)1893
25%
Création de l'Action française par Charles Maurras1899
25%
Scandale des décorations (IIIème République)1887
22%

Distribution des résultats

Percentile par nombre de réponses

% des personnes avec chaque résultat

Votre développement - résultats

Vous n’avez pas pris ce quiz